000 01059nam a22001937a 4500
003 JO-AjAnu
005 20250923091836.0
008 250921b jo ||||| |||| 00| 0 ara d
040 _aANU
_cJO-AjAnu
041 _hARA
100 _aالعوذه، فيصل مساعد نزال
_eمعد
_966641
245 _aاثر إدارة التنوع في تطوير المنظمات الذكية في شركات الاتصالات العاملة بالسعودية = The Impact of Diversity Management on Developing Smart Organizations in Telecommunications Companies Operating in Saudi Arabia
_c / اعداد فيصل مساعد نزال العوذه ؛ اشراف هشام علي شطناوي
260 _c2025
300 _a106 ورقة
500 _aرسالة جامعية (رسالة ماجستير في إدارة الأعمال) كلية الأعمال - جامعة عجلون الوطنية ؛ 2025
650 _vشركة الاتصالات السعودية-ادارة
700 _aشطناوي، هشام علي
_eمشرف
_964974
942 _2lcc
_cTHS
_n0
999 _c33970
_d33970